Managing innovation : (Record no. 75990)
[ view plain ]
| 000 -LEADER | |
|---|---|
| fixed length control field | 01228pam a2200337 a 4500 |
| 001 - CONTROL NUMBER | |
| control field | 75990 |
| 003 - CONTROL NUMBER IDENTIFIER | |
| rucl marc code | BD-RjUL |
| 005 - DATE AND TIME OF LATEST TRANSACTION | |
| control field | 20211209082755.0 |
| 008 - FIXED-LENGTH DATA ELEMENTS--GENERAL INFORMATION | |
| fixed length control field | 890407s1990 enk b 001 0 eng |
| 020 ## - INTERNATIONAL STANDARD BOOK NUMBER | |
| International Standard Book Number | 0521380553 |
| 035 ## - SYSTEM CONTROL NUMBER | |
| System control number | (BD-RjUL)76209 |
| 040 ## - CATALOGING SOURCE | |
| Original cataloging agency | DLC |
| Transcribing agency | DLC |
| Modifying agency | DLC |
| Language of cataloging | eng |
| 041 ## - LANGUAGE CODE | |
| Language code of text/sound track or separate title | eng |
| 043 ## - GEOGRAPHIC AREA CODE | |
| Geographic area code | e-uk--- |
| -- | a-ja--- |
| 082 00 - DEWEY DECIMAL CLASSIFICATION NUMBER | |
| Classification number | 658.5140941 |
| Edition number | 20 |
| Author mark and year | WHM 1990 |
| 100 1# - MAIN ENTRY--PERSONAL NAME | |
| Personal name | Whittaker, D. H. |
| Fuller form of name | (D. Hugh) |
| 9 (RLIN) | 233298 |
| 245 10 - TITLE STATEMENT | |
| Title | Managing innovation : |
| Remainder of title | a study of British and Japanese factories / |
| Statement of responsibility, etc. | D.H. Whittaker. |
| 260 ## - PUBLICATION, DISTRIBUTION, ETC. (IMPRINT) | |
| Place of publication, distribution, etc. | Cambridge [England] ; |
| -- | New York : |
| Name of publisher, distributor, etc. | Cambridge University Press, |
| Date of publication, distribution, etc. | 1990. |
| 300 ## - PHYSICAL DESCRIPTION | |
| Pagination | xvi, 205 p. ; |
| Size | 24 cm. |
| 500 ## - GENERAL NOTE | |
| General note | Includes index. |
| 504 ## - BIBLIOGRAPHY, ETC. NOTE | |
| Bibliography, etc | Bibliography: p. 187-200. |
| 650 #0 - SUBJECT ADDED ENTRY--TOPICAL TERM | |
| Topical term or geographic name as entry element | Technological innovations |
| Geographic subdivision | Great Britain |
| General subdivision | Management |
| -- | Case studies. |
| 9 (RLIN) | 233300 |
| Topical term or geographic name as entry element | Technological innovations |
| Geographic subdivision | Japan |
| General subdivision | Management |
| -- | Case studies. |
| 9 (RLIN) | 233301 |
| Topical term or geographic name as entry element | Industrial management |
| Geographic subdivision | Great Britain |
| General subdivision | Case studies. |
| 9 (RLIN) | 233302 |
| Topical term or geographic name as entry element | Industrial management |
| Geographic subdivision | Japan |
| General subdivision | Case studies. |
| 9 (RLIN) | 233303 |
| Topical term or geographic name as entry element | Comparative management. |
| 9 (RLIN) | 233304 |
| 942 ## - ADDED ENTRY ELEMENTS (KOHA) | |
| Source of classification or shelving scheme | Dewey Decimal Classification |
| Koha item type | Books |
| Lost status | Source of classification or shelving scheme | Damaged status | Not for loan | Collection code | Permanent Location | Current Location | Shelving location | Date acquired | Source of acquisition | Total Checkouts | Full call number | Date last seen | Copy number | Koha item type |
|---|---|---|---|---|---|---|---|---|---|---|---|---|---|---|
| Dewey Decimal Classification | Not For Loan | Non-fiction | Central Library, University of Rajshahi | Central Library, University of Rajshahi | Reading Room | 03/03/1996 | deshi bideshi | 658.5140941 WHM 1990 | 30/09/2019 | C-1 | Books |